<?xml version="1.0" encoding="utf-8"?>
<?xml-stylesheet type='text/xsl' href='./oai2.xsl'?>
<OAI-PMH xmlns="http://www.openarchives.org/OAI/2.0/" xmlns:xsi="http://www.w3.org/2001/XMLSchema-instance" xsi:schemaLocation="http://www.openarchives.org/OAI/2.0/ http://www.openarchives.org/OAI/2.0/OAI-PMH.xsd">
  <responseDate>2026-05-15T19:27:10Z</responseDate>
  <request verb="GetRecord" metadataPrefix="marcxml" identifier="record_kuniweb_2645740">https://kulturerbe.niedersachsen.de/oai</request>
  <GetRecord>
    <record>
      <header>
        <identifier>record_kuniweb_2645740</identifier>
        <datestamp>2025-12-10T11:22:40Z</datestamp>
        <setSpec>slg0296</setSpec>
      </header>
      <metadata>
        <marc:record xmlns:marc="http://www.loc.gov/MARC21/slim" xsi:schemaLocation="http://www.loc.gov/MARC21/slim http://www.loc.gov/standards/marcxml/schema/MARC21slim.xsd">
          <marc:leader>12345nkm  22     uu 4500</marc:leader>
          <marc:controlfield tag="001">2645740</marc:controlfield>
          <marc:controlfield tag="003">http://kuniweb.gbv.de</marc:controlfield>
          <marc:controlfield tag="005">2025-12-01T12:34:46</marc:controlfield>
          <marc:controlfield tag="008">|           ||||||||||||||||||||||</marc:controlfield>
          <marc:datafield tag="245" ind1="1" ind2="0">
            <marc:subfield code="a">Gemälde: Kinder an der Kirchhofsmauer</marc:subfield>
          </marc:datafield>
          <marc:datafield tag="720" ind1=" " ind2=" ">
            <marc:subfield code="a">Georg Wilhelm Feistkorn</marc:subfield>
          </marc:datafield>
          <marc:datafield tag="655" ind1=" " ind2="7">
            <marc:subfield code="a">Malerei</marc:subfield>
          </marc:datafield>
          <marc:datafield tag="046" ind1=" " ind2=" ">
            <marc:subfield code="k">1839</marc:subfield>
            <marc:subfield code="k">1839</marc:subfield>
          </marc:datafield>
          <marc:datafield tag="260" ind1=" " ind2=" ">
            <marc:subfield code="g">1839</marc:subfield>
            <marc:subfield code="g">1839</marc:subfield>
          </marc:datafield>
          <marc:datafield tag="300" ind1=" " ind2=" ">
            <marc:subfield code="a">Höhe: 95 cm (ohne Rahmen)
Breite: 75 cm (ohne Rahmen)
Breite: 85 cm (mit Rahmen)
Höhe: 115 cm (mit Rahmen)</marc:subfield>
          </marc:datafield>
          <marc:datafield tag="520" ind1=" " ind2=" ">
            <marc:subfield code="a">Das Gemälde "Kinder an der Kirchhofsmauer" ist unten links mit "G. W. Feistkorn Düsseldorf 1839" signiert und datiert.
Das Motiv zeigt ein Mädchen und einen Jungen, die vor einer Mauer sitzen. Dahinter ist links ein Teil der Kirche sichtbar, sowie rechts oben einige Zweige. Das links sitzende Mädchen mit braunen Schuhen und einem grünen Kleid mit braun-rotem Oberteil hält in der rechten Hand ein Vogelnest mit Jungvögeln. Der rechts sitzende Junge, barfuß, bekleidet mit beigem Kleid, hält in der linken Hand eine Flasche mit Milch. Rechts unten im Bild erkennt man eine Tasse und einen Vogelkäfig. Das Gemälde befindet sich in einem reich verzierten breiten Goldrahmen. (Städtisches Museum Göttingen)

Inschrift:
G. W. Feistkorn Düsseldorf 1839 (Signatur unten links)

Literatur in Zusammenhang:
T. Appel, „Der Maler Georg Wilhelm Feistkorn (1811-1843)“, Göttinger Jahrbuch, Göttingen, 1952, Bd. 2004, 52. S. 129-153, 2004.</marc:subfield>
          </marc:datafield>
          <marc:datafield tag="650" ind1="1" ind2=" ">
            <marc:subfield code="a">Mädchen</marc:subfield>
          </marc:datafield>
          <marc:datafield tag="650" ind1="1" ind2=" ">
            <marc:subfield code="a">Vogelnest</marc:subfield>
          </marc:datafield>
          <marc:datafield tag="650" ind1="1" ind2=" ">
            <marc:subfield code="a">Vögel</marc:subfield>
          </marc:datafield>
          <marc:datafield tag="650" ind1="1" ind2=" ">
            <marc:subfield code="a">Kind</marc:subfield>
          </marc:datafield>
          <marc:datafield tag="650" ind1="1" ind2=" ">
            <marc:subfield code="a">Malerei &gt; Gemälde</marc:subfield>
          </marc:datafield>
          <marc:datafield tag="650" ind1="1" ind2=" ">
            <marc:subfield code="a">Bildwerke/Bildende Kunst</marc:subfield>
          </marc:datafield>
          <marc:datafield tag="773" ind1="0" ind2=" ">
            <marc:subfield code="t">Ausgewählte Objekte aus den Sammlungen des Städtischen Museums Göttingen</marc:subfield>
          </marc:datafield>
          <marc:datafield tag="852" ind1=" " ind2=" ">
            <marc:subfield code="a">Städtisches Museum Göttingen</marc:subfield>
          </marc:datafield>
          <marc:datafield tag="" ind1=" " ind2=" ">
            <marc:subfield code="a">Namensnennung - Nicht kommerziell - Keine Bearbeitungen 4.0 International (CC BY-NC-ND 4.0)</marc:subfield>
          </marc:datafield>
        </marc:record>
      </metadata>
    </record>
  </GetRecord>
</OAI-PMH>
